000 00324nam a22001337a 4500
008 170919b xxu||||| |||| 00| 0 eng d
020 _a0226791548
041 _aeng
080 _a7
100 _a44
101 _aART
245 _aLEARNING TO LOOK A HANDBOOK FOR THE VISUAL ARTS
_cTAYLOR.J.C
942 _2udc
_cBK
999 _c28215
_d28215